| 000 | 02735nam a22006137a 4500 | ||
|---|---|---|---|
| 001 | 7467938 | ||
| 003 | LIBRIS | ||
| 005 | 20241031090709.0 | ||
| 008 | 011211s1997 dk |||||||||||000 0|eng|c | ||
| 020 | _a9289013362 | ||
| 040 |
_aeng _beng _cDLC _deng |
||
| 041 | _aeng | ||
| 080 |
_a614 _bS-17 |
||
| 084 |
_aVp-a _2kssb/6 |
||
| 084 |
_aVp-a _2kssb/6 |
||
| 084 |
_aVp-a _2kssb/6 |
||
| 245 | 0 | 0 |
_aEuropean health care reform : _banalysis of current strategies / _c/ by: World Health Organization, Regional Office for Europe |
| 260 |
_aCopenhagen : _bWorld Health Organization, Regional Office for Europe _c1997 |
||
| 300 |
_a308 p. _bill. |
||
| 490 | 1 |
_aWHO regional publications. European series, _x0378-2255 ; _v72 |
|
| 650 | 2 | _aDelivery of health care: trends | |
| 650 | 0 |
_aPublic Health _9337 |
|
| 650 | 2 | _aDelivery of health care | |
| 650 | 2 | _aHealth care reform: Europe | |
| 650 | 7 |
_aNationalekonomi _2albt//swe |
|
| 650 | 7 |
_aEuropa _2albt//swe |
|
| 650 | 7 |
_aFinansiering _2albt//swe |
|
| 650 | 4 | _aOrganisationsutveckling | |
| 650 | 4 | _aFinansiering | |
| 653 | _aსაზოგადოებრივი ჯანდაცვა | ||
| 700 | 1 |
_aSaltman, Richard _eunspecifiedContributor _4oth |
|
| 700 | 1 |
_aFigueras, Josep _eunspecifiedContributor _4oth |
|
| 830 | 0 |
_aWHO regional publications _pEuropean series, _x0378-2255 ; _v72 |
|
| 887 |
_a{"@id":"xf734tz80qh34sz","modified":"2010-08-03T14:13:54+02:00","checksum":"58572726628"} _2librisxl |
||
| 887 |
_a{"@id":"15bj86g65vcx95g","modified":"2003-01-31T14:56:44+01:00","checksum":"42876237832"} _2librisxl |
||
| 887 |
_a{"@id":"26ck97h7346pzvq","modified":"2018-06-05T11:45:45.678+02:00","checksum":"37115766883"} _2librisxl |
||
| 887 |
_a{"@id":"z38g64d40d15c5b","modified":"2017-02-13T12:58:52+01:00","checksum":"38891543128"} _2librisxl |
||
| 887 |
_a{"@id":"37dlb8j80k34b07","modified":"2017-04-05T16:28:16+02:00","checksum":"59431824225"} _2librisxl |
||
| 887 |
_a{"@id":"59gndblb0bc7lz6","modified":"2018-06-05T11:45:45.686+02:00","checksum":"41646836384"} _2librisxl |
||
| 887 |
_a{"@id":"7cjqgdnd55c1184","modified":"2018-06-05T11:45:45.69+02:00","checksum":"41005259290"} _2librisxl |
||
| 942 |
_2udc _cBK |
||
| 999 |
_c839 _d839 |
||